[Event "15th Deltalift Open 2018"]
[Site "Halmstad"]
[Date "2018.05.12"]
[Round "8"]
[White "Malmstig, Erik"]
[Black "Madebrink, Lars"]
[Result "1-0"]
[WhiteElo "2339"]
[BlackElo "2192"]
[Annotator "ChessBase"]
[PlyCount "113"]
[EventDate "2018.??.??"]
[EventType "swiss"]
[EventCountry "SWE"]
[SourceTitle "playchess.com"]
[Source "ChessBase"]
[SourceQuality "1"]
[TimeControl "1800+12"]

1. c4 {[%emt 0:00:00]} Nf6 {[%emt 0:00:00]} 2. Nc3 {[%emt 0:00:00]} g6 {[%emt 0:00:00]} 3. d4 {[%emt 0:00:00]} Bg7 {[%emt 0:00:00]} 4. e4 {[%emt 0:00:00]} d6 {[%emt 0:00:00]} 5. Nge2 {[%emt 0:00:00]} c6 {[%emt 0:00:00]} 6. Ng3 {[%emt 0:00:00]} e5 {[%emt 0:00:00]} 7. d5 {[%emt 0:00:00]} a5 {[%emt 0:00:00]} 8. Be2 {[%emt 0:00:00]} Na6 {[%emt 0:00:00]} 9. h4 {[%emt 0:00:00]} cxd5 {[%emt 0:00:00]} 10. cxd5 {[%emt 0:00:00]} h5 {[%emt 0:00:00]} 11. Bg5 {[%emt 0:00:00]} Qb6 {[%emt 0:00:00]} 12. Bb5+ {[%emt 0:00:00]} Kf8 {[%emt 0:00:00]} 13. Qe2 {[%emt 0:00:00]} Nc5 {[%emt 0:00:00]} 14. f3 {[%emt 0:00:00]} Bd7 {[%emt 0:00:00]} 15. Be3 {[%emt 0:00:00]} Rc8 {[%emt 0:00:00]} 16. Nf1 {[%emt 0:00:00]} Bh6 {[%emt 0:00:00]} 17. Bf2 {[%emt 0:00:00]} Kg7 {[%emt 0:00:00]} 18. Ne3 {[%emt 0:00:00]} Bxb5 {[%emt 0:00:00]} 19. Nxb5 {[%emt 0:00:00]} Rhd8 {[%emt 0:00:00]} 20. O-O {[%emt 0:00:00]} Qa6 {[%emt 0:00:00]} 21. Rac1 {[%emt 0:00:32]} Ne8 {[%emt 0:00:00]} 22. Rfe1 {[%emt 0:06:10]} a4 {[%emt 0:00:00]} 23. Rc3 {[%emt 0:02:09]} Nd7 {[%emt 0:01:33]} 24. Rec1 {[%emt 0:04:07]} Rc5 {[%emt 0:03:53]} 25. Rxc5 {[%emt 0:03:40]} Nxc5 {[%emt 0:01:33]} 26. Qf1 {[%emt 0:01:37]} Qa5 {[%emt 0:00:55]} 27. Nxd6 {[%emt 0:06:05]} Nxd6 {[%emt 0:03:24]} 28. Rxc5 {[%emt 0:00:00]} Qb4 {[%emt 0:00:27]} 29. Qe2 {[%emt 0:03:37]} a3 {[%emt 0:01:13]} 30. bxa3 {[%emt 0:04:11]} Qb1+ {[%emt 0:00:52]} 31. Nf1 {[%emt 0:01:39]} Ra8 {[%emt 0:00:37]} 32. Rc3 {[%emt 0:00:18]} Kf6 {[%emt 0:01:52]} 33. Rb3 {[%emt 0:00:41]} Qc1 {[%emt 0:02:08]} 34. Kh2 {[%emt 0:00:27]} Rxa3 {[%emt 0:00:34]} 35. Rxa3 {[%emt 0:01:00]} Qxa3 {[%emt 0:00:00]} 36. Qc2 {[%emt 0:00:06]} Qa6 {[%emt 0:00:32]} 37. Kg1 {[%emt 0:00:11]} Nb5 {[%emt 0:00:45]} 38. Qb2 {[%emt 0:00:23]} Qa4 {[%emt 0:01:00]} 39. Qb3 {[%emt 0:00:18]} Qxb3 {[%emt 0:00:28]} 40. axb3 {[%emt 0:00:00]} Bf8 {[%emt 0:00:08]} 41. Nd2 {[%emt 0:00:00]} Bb4 {[%emt 0:00:00]} 42. Nc4 {[%emt 0:00:00]} Bc3 {[%emt 0:00:00]} 43. Bg3 {[%emt 0:00:00]} Bd4+ {[%emt 0:00:00]} 44. Kf1 {[%emt 0:00:00]} Nc3 {[%emt 0:00:00]} 45. Ke1 {[%emt 0:00:00]} b5 {[%emt 0:00:00]} 46. Na3 {[%emt 0:00:00]} Bc5 {[%emt 0:00:00]} 47. Nc2 {[%emt 0:00:00]} Bd6 {[%emt 0:00:00]} 48. Kd2 {[%emt 0:00:00]} Na2 {[%emt 0:00:00]} 49. Bf2 {[%emt 0:00:00]} Ke7 {[%emt 0:00:00]} 50. Ne1 {[%emt 0:00:00]} f5 {[%emt 0:00:00]} 51. Nd3 {[%emt 0:00:00]} fxe4 {[%emt 0:00:00]} 52. fxe4 {[%emt 0:00:00]} Nb4 {[%emt 0:00:00]} 53. Bc5 {[%emt 0:00:00]} Na6 {[%emt 0:00:00]} 54. Bxd6+ {[%emt 0:00:00]} Kxd6 {[%emt 0:00:00]} 55. Kc3 {[%emt 0:00:00]} Nc7 {[%emt 0:00:00]} 56. Kb4 {[%emt 0:00:00]} Ne8 {[%emt 0:00:00]} 57. Kxb5 {[%emt 0:00:00] Kxd5} 1-0

[Event "15th Deltalift Open 2018"]
[Site "Halmstad"]
[Date "2018.05.12"]
[Round "8"]
[White "Pantzar, Milton"]
[Black "Hector, Jonny"]
[Result "0-1"]
[WhiteElo "2333"]
[BlackElo "2497"]
[Annotator "TA"]
[PlyCount "86"]
[EventDate "2018.??.??"]
[EventType "swiss"]
[EventCountry "SWE"]
[SourceTitle "playchess.com"]
[Source "ChessBase"]
[SourceQuality "1"]

{[%evp 14,86,19,3,0,0,0,0,0,0,0,0,11,16,20,11,47,52,53,0,0,0,0,0,0,0,0,0,0,-28,0,0,0,0,4,5,24,12,22,0,0,0,15,-30,-35,-43,-39,-41,0,-12,0,0,0,0,0,-8,-8,-42,0,-45,-32,-28,-27,-30,-30,-651,-627,-712,-702,-652,-635,-4882,-2982,-29971,-29965]} 1. e3 Nf6 2. Nf3 d5 3. c4 c6 4. Nc3 e6 5. d4 Ne4 6. Nxe4 dxe4 7. Nd2 f5 8. Be2 c5 $146 {D45: Semi-Slav: 5 e3} ({Predecessor:} 8... b6 9. O-O Bd6 10. f4 c5 11. Qc2 Qc7 12. dxc5 bxc5 13. b3 O-O 14. Bb2 Nc6 15. Kh1 Bb7 16. g4 {½-½ (30) Halasz,T (2364)-Harmatosi,J (2242) Hungary 2013}) 9. dxc5 Bxc5 10. O-O O-O {The position is equal.} 11. Nb3 Bd6 12. Bd2 Qh4 {[%csl Gd6][%cal Rh4h2]} 13. g3 Qe7 14. Bc3 e5 15. c5 Bc7 16. Na5 (16. Ba5 $1 $14) 16... Bxa5 $11 17. Bxa5 Nc6 18. Bc3 Qxc5 19. Qb3+ Kh8 20. Bb5 {[#]} Be6 $1 {[%mdl 512]} 21. Qa4 (21. Qxe6 Qxb5) 21... a5 22. Bxc6 bxc6 23. Qa3 Qb5 24. Qd6 Bc4 25. a4 Qb7 26. Rfc1 {[#]} f4 $1 {[%mdl 512]} 27. Bxe5 (27. exf4 exf4) 27... fxg3 28. Bxg3 Bd5 29. Qc7 Qxb2 30. Rab1 Qf6 31. Rb7 Rf7 32. Rb8+ Rxb8 33. Qxb8+ Rf8 34. Qd6 Qf3 35. Rb1 Rg8 36. Qc5 Be6 37. Qg5 h6 38. Qf4 Qe2 $40 {[%mdl 128] White needs to defend precisely.} 39. Qe5 $2 {[%mdl 8192] [#]} (39. h4 $11) 39... Bh3 $1 $19 40. Qxe4 Rd8 {( -> ...Rd1+)} 41. Bd6 Qd2 42. Qh4 Qxd6 43. Qxh3 Qg6+ {Precision: White = 41%, Black = 64%.} 0-1

[Event "15th Deltalift Open 2018"]
[Site "Halmstad"]
[Date "2018.05.12"]
[Round "8"]
[White "Hobber, Anders"]
[Black "Petersson, Baldur Teodor"]
[Result "1/2-1/2"]
[WhiteElo "2320"]
[BlackElo "2038"]
[Annotator "NA"]
[PlyCount "31"]
[EventDate "2018.??.??"]
[EventType "swiss"]
[EventCountry "SWE"]
[SourceTitle "playchess.com"]
[Source "ChessBase"]
[SourceQuality "1"]
[TimeControl "1800+12"]

{[%evp 8,23,12,14,7,10,12,3,47,36,45,32767,40,27,80,78,32767,85]} 1. d4 {[%emt 0:00:00]} Nf6 {[%emt 0:00:00]} 2. Nf3 {[%emt 0:00:00]} g6 {[%emt 0:00:00]} 3. Nc3 {[%emt 0:00:00]} d5 {[%emt 0:00:00]} 4. Bf4 {[%emt 0:00:00]} Bg7 {[%emt 0:00:00]} 5. e3 {[%emt 0:00:00]} c6 {[%emt 0:00:00]} 6. Be2 {[%emt 0:00:00]} Nbd7 {[%emt 0:00:00] LiveBook: 27 Games} 7. Ne5 {[%emt 0:00:00]} Ne4 {[%emt 0:00:00]} 8. Nxe4 {[%emt 0:00:00]} dxe4 {[%emt 0:00:00]} 9. Nxd7 {[%emt 0:00:00]} Bxd7 {[%emt 0:00:00]} 10. c3 {[%emt 0:00:00]} e6 {[%emt 0:00:00]} 11. Qc2 {[%emt 0:00:00]} f5 {[%emt 0:00:00]} 12. h4 $16 {[%emt 0:00:00]} Qe7 {[%emt 0:00:00]} 13. O-O-O {[%emt 0:00:00]} e5 14. dxe5 {[%emt 0:00:00]} Bxe5 {[%emt 0:00:00]} 15. Bxe5 {[%emt 0:00:00]} Qxe5 {[%emt 0:00:00]} 16. Qb3 {[%emt 0:00:00]} 1/2-1/2

[Event "15th Deltalift Open 2018"]
[Site "Halmstad"]
[Date "2018.05.12"]
[Round "8"]
[White "Crevatin, Leo"]
[Black "Danielsson, Fredrik"]
[Result "0-1"]
[WhiteElo "2251"]
[BlackElo "2117"]
[Annotator "NA"]
[PlyCount "50"]
[EventDate "2018.??.??"]
[EventType "swiss"]
[EventCountry "SWE"]
[SourceTitle "playchess.com"]
[Source "ChessBase"]
[SourceQuality "1"]
[TimeControl "1800+12"]

{[%evp 8,49,33,32767,32767,32767,32767,32767,32767,32767,-40,-17,-8,-86,-48,-208,32767,32767,32767,32767,22,-164,-194,-192,-164,-159,32767,-164,-222,-553,32767,32767,-923,32767,32767,32767,32767,32767,32767,-29985,32767,-29986,32767,-29994]} 1. d4 {[%emt 0:00:00]} Nf6 {[%emt 0:00:00]} 2. c4 {[%emt 0:00:00]} g6 {[%emt 0:00:00]} 3. f3 {[%emt 0:00:00]} e6 {[%emt 0:00:00]} 4. e4 {[%emt 0:00:00]} d5 {[%emt 0:00:00]} 5. cxd5 {[%emt 0:00:00]} exd5 {[%emt 0:00:00]} 6. Nc3 {[%emt 0:00:00]} dxe4 {[%emt 0:00:00]} 7. fxe4 {[%emt 0:00:00]} Bb4 {[%emt 0:00:00]} 8. Qd3 {[%emt 0:00:00]} O-O {[%emt 0:00:00]} 9. Bg5 {[%emt 0:00:00]} h6 {[%emt 0:00:00]} 10. Bxh6 {[%emt 0:00:00]} (10. Bxf6 $1 $11 Qxf6 11. Nf3) 10... Re8 {[%emt 0:00:00]} 11. e5 {[%emt 0:00:00]} (11. Bg5 $15) 11... Bf5 {[%emt 0:00:00]} 12. Qc4 {[%emt 0:00:00]} Nd5 {[%emt 0:00:00]} 13. Nf3 {[%emt 0:00:00]} Nc6 {[%emt 0:00:00]} 14. O-O-O $2 {[%emt 0:00:00]} (14. Bg5 $1 $14 Qd7 15. Kf2) 14... Nxc3 {[%emt 0:00:00]} 15. bxc3 {[%emt 0:00:00]} Ba3+ {[%emt 0:00:00]} 16. Kd2 {[%emt 0:00:00]} Nxe5 {[%emt 0:02:26]} 17. Nxe5 {[%emt 0:00:00]} Rxe5 {[%emt 0:00:00]} 18. Bf4 $2 {[%emt 0:00:00]} (18. Bd3 {nothing else works.} Bxd3 19. Qxd3) 18... Re4 {[%emt 0:06:27]} 19. g3 {[%emt 0:00:00] [#]} b5 $1 {[%emt 0:16:15]} 20. Qb3 {[%emt 0:00:38]} Rxd4+ {[%emt 0:02:23]} 21. cxd4 {[%emt 0:00:16]} Qxd4+ {[%emt 0:00:00]} 22. Ke1 {[%emt 0:01:18]} Re8+ {[%emt 0:01:24]} 23. Be2 {[%emt 0:00:03]} Qe4 {[%emt 0:03:38]} 24. Qe3 {[%emt 0:04:17]} Qxh1+ {[%emt 0:00:54]} 25. Kd2 {[%emt 0:00:27]} Bb4+ {[%emt 0:00:31]} 0-1

[Event "15th Deltalift Open 2018"]
[Site "Halmstad"]
[Date "2018.05.12"]
[Round "8"]
[White "Haugli, Petter"]
[Black "Bohman Karlholm, Adrian"]
[Result "1-0"]
[WhiteElo "2245"]
[BlackElo "2019"]
[Annotator "NA"]
[PlyCount "89"]
[EventDate "2018.??.??"]
[EventType "swiss"]
[EventCountry "SWE"]
[SourceTitle "playchess.com"]
[Source "ChessBase"]
[SourceQuality "1"]
[TimeControl "1800+12"]

{[%evp 8,88,2,12,16,0,0,32767,32767,32767,32767,32767,41,33,15,19,18,8,46,-13,19,0,13,0,29,17,23,21,32767,50,32767,32767,32767,32767,52,32767,32767,20,39,32767,32767,32767,54,45,85,32767,75,66,32767,32767,224,224,228,32767,232,221,205,192,284,291,300,32767,280,298,32767,32767,32767,424,32767,32767,32767,32767,32767,32767,32767,32767,32767,361,32767,32767,5089,12841,5077]} 1. c4 {[%emt 0:00:00]} e5 {[%emt 0:00:00]} 2. Nc3 {[%emt 0:00:00]} Nf6 {[%emt 0:00:00]} 3. g3 {[%emt 0:00:00]} d5 {[%emt 0:00:00]} 4. cxd5 {[%emt 0:00:00]} Nxd5 {[%emt 0:00:00]} 5. Bg2 {[%emt 0:00:00]} Nb6 {[%emt 0:00:00]} 6. d3 {[%emt 0:00:00]} Be7 {[%emt 0:00:00] LiveBook: 335 Games} 7. Be3 {[%emt 0:00:00]} O-O {[%emt 0:00:00]} 8. Rc1 {[%emt 0:00:00]} Re8 {[%emt 0:00:00] A22: English Opening: 1...e5 2 Nc3 Nf6} 9. Qc2 {[%emt 0:00:00]} c6 {[%emt 0:00:00]} 10. Nf3 {[%emt 0:00:00]} Bf8 $146 {[%emt 0:00:00]} ({Predecessor:} 10... Nd5 11. Bd2 Bf8 12. O-O h6 13. Nxd5 Qxd5 14. Bc3 Qd6 15. d4 e4 16. Ne5 {1-0 (49) Giri,A (2793)-Ssegwanyi,A (2357) Baku 2015}) 11. O-O {[%emt 0:00:00]} Na6 {[%emt 0:00:00]} 12. a3 {[%emt 0:00:00]} f6 {[%emt 0:00:00]} 13. Ne4 {[%emt 0:00:00]} (13. d4 $14) 13... Be6 {[%emt 0:00:00]} 14. b4 {[%emt 0:00:00]} Qd7 {[%emt 0:00:00]} 15. Rfd1 {[%emt 0:00:00]} Rad8 {[%emt 0:00:00]} 16. Bc5 Qf7 {[%emt 0:00:00]} 17. Rb1 {[%emt 0:00:00]} Be7 {[%emt 0:00:00]} 18. Bxe7 {[%emt 0:00:00]} Rxe7 {[%emt 0:00:00]} 19. Nc5 {[%emt 0:00:00]} Nxc5 {[%emt 0:00:00]} 20. bxc5 {[%emt 0:00:00]} Nc8 {[%emt 0:00:00]} 21. Rb4 {[%emt 0:00:00]} Rc7 {[%emt 0:00:00]} 22. Rc1 {[%emt 0:00:00]} Ne7 {[%emt 0:01:52]} 23. Qa4 {[%emt 0:00:00]} Nd5 {[%emt 0:01:07]} 24. Rbb1 {[%emt 0:00:00]} a6 {[%emt 0:00:35]} 25. Qa5 {[%emt 0:00:00]} Qd7 {[%emt 0:00:57]} 26. Rb2 {[%emt 0:00:00]} Ne7 {[%emt 0:02:32]} 27. Rcb1 {[%emt 0:00:00]} Bd5 {[%emt 0:01:31]} 28. Rxb7 {[%emt 0:00:00]} Rxb7 {[%emt 0:03:08]} 29. Rxb7 {[%emt 0:00:00]} Qxb7 {[%emt 0:00:44]} 30. Qxd8+ {[%emt 0:00:00]} Kf7 {[%emt 0:00:00]} 31. Qb6 {[%emt 0:00:00]} Qc8 {[%emt 0:00:40]} 32. Qa7 {[%emt 0:00:00]} e4 {[%emt 0:04:00]} 33. dxe4 {[%emt 0:00:00]} Bxe4 {[%emt 0:00:10]} 34. Ng5+ {[%emt 0:02:04]} fxg5 {[%emt 0:00:00]} 35. Bxe4 {[%emt 0:00:00]} Qe6 {[%emt 0:01:39]} 36. Bd3 {[%emt 0:00:48]} Qe5 {[%emt 0:01:52]} 37. Qxa6 {[%emt 0:02:10]} Qxc5 {[%emt 0:00:19]} 38. Qc4+ {[%emt 0:00:51]} Qxc4 {[%emt 0:00:00]} 39. Bxc4+ {[%emt 0:00:00]} Ke8 {[%emt 0:00:34]} 40. f4 {[%emt 0:00:40]} gxf4 {[%emt 0:00:08]} 41. gxf4 {[%emt 0:00:00]} Nf5 {[%emt 0:00:19]} 42. Bd3 {[%emt 0:03:08]} g6 {[%emt 0:00:28]} 43. Bxf5 {[%emt 0:01:35]} gxf5 $18 {[%emt 0:00:00]} 44. Kf2 {[%emt 0:00:00]} Kd7 {[%emt 0:00:00]} 45. Ke3 {[%emt 0:00:00]} 1-0

[Event "15th Deltalift Open 2018"]
[Site "Halmstad"]
[Date "2018.05.12"]
[Round "8"]
[White "Nilsson, Anders"]
[Black "Cramling, Pia"]
[Result "1/2-1/2"]
[WhiteElo "2226"]
[BlackElo "2448"]
[Annotator "TA"]
[PlyCount "71"]
[EventDate "2018.??.??"]
[EventType "swiss"]
[EventCountry "SWE"]
[SourceTitle "playchess.com"]
[Source "ChessBase"]
[SourceQuality "1"]

{[%evp 22,71,5,0,0,0,0,0,0,0,0,-5,0,0,0,0,0,0,0,-10,-6,-27,0,0,0,-29,-22,-25,-30,-33,-30,-28,-28,-86,-50,-92,-97,-91,-87,-91,-16,-29,-12,0,0,-30,0,-4,0,-41,0,-8]} 1. d4 Nf6 2. Nf3 d5 3. c4 e6 4. Nc3 c6 5. cxd5 exd5 6. Qc2 Be7 7. Bg5 g6 8. e4 Nxe4 {D36: Queen's Gambit Declined: Exchange Variation: Main line (5 Bg5 c6 6 Qc2)} 9. Bxe7 Kxe7 10. Nxe4 dxe4 11. Qxe4+ Be6 12. Bc4 {LiveBook: 4 Games} Re8 13. Bxe6 {[#] Threatens to win with Bc4+.} Kf8 $1 14. O-O {Hoping for Qf4.} ({Don't play} 14. d5 cxd5 15. Qb4+ Qe7 $17) 14... Rxe6 15. Qf4 Kg7 16. Rfe1 Rxe1+ 17. Rxe1 {aiming for Qe5+.} Nd7 $146 18. h4 Nf6 19. Qe5 Qb8 20. Qe7 {[#] And now Ng5 would win.} Nd5 21. Qd7 {With the idea Ng5.} Nf6 (21... Qc8 $5 {[%cal Rc8d7]} 22. Qd6 Qg4 $15) 22. Qe7 {Black must now prevent Ng5.} Nd5 $36 {[%mdl 2048] Black is pushing.} 23. Qd7 {Threatening Ng5.} Qc8 24. Qd6 Qg4 25. Qe5+ f6 26. Qd6 Rf8 27. Qh2 (27. a4 $11) 27... a5 {[%cal Ba7a5,Ba5a4][%mdl 32]} 28. Kh1 a4 29. a3 Rf7 30. Re8 Qf4 ({Black should try} 30... Rd7 $17) 31. Qh3 Qc1+ 32. Kh2 Qf4+ ({Don't blunder} 32... Qxb2 $2 33. h5 $18) 33. Kh1 Qc1+ 34. Kh2 Qf4+ ({But not} 34... Qxb2 $2 35. h5 $18) 35. Kh1 Qc1+ 36. Kh2 {Precision: White = 55%, Black = 62%.} 1/2-1/2

[Event "15th Deltalift Open 2018"]
[Site "Halmstad"]
[Date "2018.05.12"]
[Round "8"]
[White "Tuomainen, Felix"]
[Black "Johnson, Daniel"]
[Result "1/2-1/2"]
[WhiteElo "2211"]
[BlackElo "2028"]
[Annotator "NA"]
[PlyCount "126"]
[EventDate "2018.??.??"]
[EventType "swiss"]
[EventCountry "SWE"]
[SourceTitle "playchess.com"]
[Source "ChessBase"]
[SourceQuality "1"]
[TimeControl "1800+12"]

{[%evp 14,126,34,32767,31,30,41,0,6,20,32767,32767,18,8,27,28,24,27,32767,32767,32767,0,32767,32767,32767,32767,32767,32767,32767,0,0,-42,14,0,26,32767,0,0,0,32767,32767,32767,2,0,8,32767,1,32767,32767,-25,32767,32767,25,32767,53,82,60,32767,32767,141,170,42,57,58,82,-127,32767,-131,-100,-139,32767,32767,-11,32767,32767,32767,0,32767,32767,0,8,0,0,32767,32767,0,32767,0,0,0,32767,32767,32767,32767,32767,32767,-7,32767,-35,32767,32767,32767,32767,32767,32767,32767,32767,32767,-39,32767,32767,32767,32767,32767,-1319]} 1. d4 {[%emt 0:00:00]} d5 {[%emt 0:00:00]} 2. c4 {[%emt 0:00:00]} e6 {[%emt 0:00:00]} 3. Nc3 {[%emt 0:00:00]} Be7 {[%emt 0:00:00]} 4. Nf3 {[%emt 0:00:00]} Nf6 {[%emt 0:00:00]} 5. Bf4 {[%emt 0:00:00]} O-O {[%emt 0:00:00]} 6. e3 {[%emt 0:00:00]} b6 {[%emt 0:00:00]} 7. Bd3 {[%emt 0:00:00]} Bb7 {[%emt 0:00:00]} 8. cxd5 {[%emt 0:00:00]} exd5 {[%emt 0:00:00]} 9. O-O {[%emt 0:00:00]} Nbd7 {[%emt 0:00:00] LiveBook: 12 Games D37: Queen's Gambit Declined: 5 Bf4} (9... c5 10. Ne5 Na6 11. Bb5 Qc8 12. Bg5 Rd8 13. Qa4 Nb8 14. f4 c4 15. Qd1 a6 16. Ba4 b5 17. Bc2 Qc7 18. Rf3 {1-0 (34) Andreikin,D (2720)-Johannessen,L (2503) Skopje 2015}) 10. Nb5 {[%emt 0:00:00]} c5 {[%emt 0:00:00]} 11. Nd6 {[%emt 0:00:00]} Bxd6 {[%emt 0:00:00]} 12. Bxd6 {[%emt 0:00:00]} Re8 {[%emt 0:00:00]} 13. b3 $146 {[%emt 0:00:00]} ({Predecessor:} 13. Rc1 c4 14. Bf5 Nf8 15. Bg3 Bc8 16. Bb1 Bg4 {0-1 (30) Mumdgan,S (2220)-Serditykh,O (1953) Sochi 2017}) 13... Ne4 {[%emt 0:00:00]} 14. Bf4 {[%emt 0:00:00]} a6 {[%emt 0:00:00]} 15. Rc1 {[%emt 0:00:00]} b5 {[%emt 0:00:00]} 16. dxc5 {[%emt 0:00:00]} Ndxc5 {[%emt 0:00:00]} 17. b4 {[%emt 0:00:00]} Nxd3 {[%emt 0:01:02]} 18. Qxd3 {[%emt 0:00:00]} Rc8 {[%emt 0:01:47]} 19. Nd4 {[%emt 0:00:00]} Rc4 {[%emt 0:07:38]} 20. f3 {[%emt 0:00:00]} Qc8 {[%emt 0:01:34]} 21. Rxc4 {[%emt 0:00:00]} (21. Rce1 $14 Rc3 22. Qe2) 21... dxc4 {[%emt 0:02:27]} 22. Qc2 {[%emt 0:00:00]} Nf6 {[%emt 0:02:56]} ({Better is} 22... g5 $1 $15) 23. Nf5 {[%emt 0:00:00]} Qe6 {[%emt 0:06:17]} 24. Nd6 {[%emt 0:00:00]} Re7 {[%emt 0:00:59]} 25. Rd1 {[%emt 0:00:00]} Bc6 {[%emt 0:02:20]} 26. Nf5 {[%emt 0:00:00]} Rd7 {[%emt 0:00:20]} 27. Nd4 {[%emt 0:00:00]} Qe8 $1 {[%emt 0:00:22]} 28. e4 {[%emt 0:00:00]} Bb7 {[%emt 0:02:54]} 29. a4 {[%emt 0:00:00]} Qd8 {[%emt 0:02:32]} 30. Be3 {[%emt 0:00:00]} Nh5 {[%emt 0:01:43]} 31. g3 {[%emt 0:00:00]} ({White should play} 31. Rd2 $16) 31... Nf6 {[%emt 0:00:16]} 32. Rd2 {[%emt 0:00:00]} Qe7 {[%emt 0:00:51]} 33. Qc3 {[%emt 0:00:00] [#]} Bxe4 $1 {[%emt 0:00:17]} 34. fxe4 {[%emt 0:00:00]} Qxe4 {[%emt 0:00:13]} (34... Nxe4 $11 35. Nf5 Qf8 36. Rxd7 Nxc3 37. Ne7+ Kh8 38. axb5 a5 39. bxa5 h6) 35. Bf2 {[%emt 0:00:00]} Qb1+ {[%emt 0:00:08]} 36. Kg2 {[%emt 0:00:00]} h6 {[%emt 0:00:13] [#]} 37. axb5 {[%emt 0:00:00]} (37. Re2 $1 $16) 37... Ne4 {[%emt 0:00:05]} 38. Qc2 {[%emt 0:00:00]} Nxd2 {[%emt 0:00:00]} 39. Qxd2 $2 {[%emt 0:00:00]} (39. Qxb1 $14 Nxb1 40. bxa6) 39... Qe4+ {[%emt 0:00:03]} 40. Kg1 {[%emt 0:00:00] [#]} axb5 $1 {[%emt 0:00:20]} 41. Qe3 {[%emt 0:00:00]} Qxe3 {[%emt 0:00:00]} 42. Bxe3 {[%emt 0:00:00]} Rd5 {[%emt 0:00:00]} 43. Kf2 {[%emt 0:00:00]} f5 {[%emt 0:00:00]} 44. Nc6 {[%emt 0:00:00]} Rd3 {[%emt 0:00:00]} (44... Kf7 $17) 45. Ne7+ {[%emt 0:00:00]} Kh7 {[%emt 0:00:00]} 46. Nxf5 {[%emt 0:00:00]} Rb3 {[%emt 0:00:00]} 47. Bc5 $1 {[%emt 0:00:00]} Rb2+ {[%emt 0:00:00]} 48. Ke3 {[%emt 0:00:00]} Rxh2 {[%emt 0:00:00]} 49. Nd4 {[%emt 0:00:00]} Rh3 {[%emt 0:00:00]} 50. Bd6 {[%emt 0:00:00]} Rh5 {[%emt 0:00:00]} 51. Ke4 {[%emt 0:00:00]} Rg5 {[%emt 0:01:01]} 52. Be5 {[%emt 0:00:00]} h5 {[%emt 0:01:03]} 53. Bf4 {[%emt 0:00:00]} Rg4 {[%emt 0:00:03]} 54. Nf3 {[%emt 0:00:00] [#]} Rg6 $2 {[%emt 0:00:32]} (54... c3 $1 $19 {[%cal Rc3c2]} 55. Ke3 {[#]} h4 $1 {[%mdl 512]}) 55. Ng5+ {[%emt 0:00:00]} Kg8 {[%emt 0:00:00]} 56. Kd5 {[%emt 0:00:00]} Rf6 {[%emt 0:00:19]} 57. Be5 {[%emt 0:00:00]} Rf5 {[%emt 0:00:18]} 58. Ne4 {[%emt 0:00:00]} g5 {[%emt 0:00:18]} 59. Ke6 {[%emt 0:00:00]} Rf3 {[%emt 0:00:13]} 60. Kd5 {[%emt 0:00:00]} Rb3 $2 {[%emt 0:00:00]} (60... h4 $19 61. gxh4 gxh4) 61. Kc5 {[%emt 0:00:00]} h4 {[%emt 0:00:00]} 62. gxh4 {[%emt 0:00:00]} gxh4 {[%emt 0:00:00]} 63. Nd2 {[%emt 0:00:00]} h3 $19 1/2-1/2